Daktyloskopický sieťový systém DBOX-server

Gespeichert in:
Bibliographische Detailangaben
1. Verfasser: Kádek, László (Verfasst von)
Weitere Verfasser: Hambalík, Alexander (Betreuung Doktorarbeit)
Format: Manuskript Buch
Sprache:Slowakisch
Veröffentlicht: 2018
Schlagworte:
Online-Zugang:http://is.stuba.sk/zp/portal_zp.pl?podrobnosti=137520
Tags: Tag hinzufügen
Keine Tags, Fügen Sie das erste Tag hinzu!

MARC

LEADER 00000ntm a22000003a 4500
001 stuzp66632
003 SK-STU
005 20181213141638.4
007 ta
008 150427s2015----xo-----f-mn---000-0-slo-d
040 |a STU  |b slo 
041 0 |a slo 
044 |a xo 
100 1 |a Kádek, László  |u 035000  |4 aut  |U FEI Fakulta elektrotechniky a informatiky  |T FEI Ústav informatiky a matematiky  |X 46099  |U E050  |Y 816  |7 46099 
242 0 1 |a DBOX-server: a network fingerprint recognition system  |y eng 
245 1 0 |a Daktyloskopický sieťový systém DBOX-server 
260 |c 2018 
300 |a 84 s., príl., CD-ROM 
650 4 |a Caffe  |2 eng 
650 4 |a deep neural networks  |2 eng 
650 4 |a image preprocessing  |2 eng 
650 4 |a fingerprint  |2 eng 
650 4 |a Suprema  |2 eng 
650 4 |a Bozorth3  |2 eng 
650 4 |a DBOX  |2 eng 
650 4 |a minutiae extraction  |2 eng 
650 4 |a Suprema  |2 slo 
650 4 |a Bozorth3  |2 slo 
650 4 |a Caffe  |2 slo 
650 4 |a DBOX  |2 slo 
650 4 |a konvolučné neurónové siete  |2 slo 
650 4 |a extrakcia markantov  |2 slo 
650 4 |a predspracovanie obrázku  |2 slo 
650 4 |a odtlačky prstov  |2 slo 
700 1 |a Hambalík, Alexander  |u 035000  |k Z1  |4 ths  |U FEI Fakulta elektrotechniky a informatiky  |T FEI Ústav informatiky a matematiky  |X 284  |U E050  |Y 816  |7 A000000284 
856 4 |u http://is.stuba.sk/zp/portal_zp.pl?podrobnosti=137520 
996 |b 284EP12102  |c E*DIPL- 12102  |l EE35  |s P  |a 0  |w stuzp66632_0001